00866cam a2200265 i 4500001001000000003000900010005001700019007000300036008004100039040003000080041000800110082002300118100003700141245005200178260001000230264009200240300003300332336002700365337003300392338002800425500007300453504004200526650001500568650001700583000014372DO-SdBNP20260310100554.0ta770914s1965 ve b 000 0 spa d aDO-SdBNPbspacBNPHUerda aspa 4a320.531bB672s2221 aBoersner, Demetrio,eautor4aut.10aSocialismo y nacionalismo /cDemetrio Boersner. c1965. 1aCaracas :bInstituto de Estudios Políticos;bUniversidad Central de Venezuela,c1965. a237, [6] páginas ;c24 cm. atextobtxt2rdacontent asin mediaciónbn2rdamedia avolumenbnc2rdacarrier aIncluye referencias bibliográficas y notas al pie de las páginas aBibliografía : páginas 229-[238] 4aSocialismo 4aNacionalismo